Pérdidas y duelos: (Registro nro. 4150)

Detalles MARC
000 -LEADER
fixed length control field 00984nam a2200241Ia 4500
003 - CONTROL NUMBER IDENTIFIER
control field OSt
005 - DATE AND TIME OF LATEST TRANSACTION
control field 20200403145236.0
008 - FIXED-LENGTH DATA ELEMENTS--GENERAL INFORMATION
fixed length control field 191128s2017 ck gr 001 0 spa d
020 ## - INTERNATIONAL STANDARD BOOK NUMBER
International Standard Book Number 9788499214528
040 ## - CATALOGING SOURCE
Original cataloging agency CO-JMCR
Transcribing agency CO-JMCR
041 0# - LANGUAGE CODE
Language code of text/sound track or separate title spa
082 04 - DEWEY DECIMAL CLASSIFICATION NUMBER
Classification number 155.93 /
Item number P739p
100 1# - MAIN ENTRY--PERSONAL NAME
Personal name Poch Avellan, Concepción,
Relator term autor
9 (RLIN) 2503
245 10 - TITLE STATEMENT
Title Pérdidas y duelos:
Remainder of title Reflexiones y herramientas para identificarlos y afrontarlos /
Statement of responsibility, etc. Concepción poch Avellan
250 ## - EDITION STATEMENT
Edition statement Primera edición
260 ## - PUBLICATION, DISTRIBUTION, ETC.
Place of publication, distribution, etc. Bogotá :
Name of publisher, distributor, etc. Siglo de hombre,
Date of publication, distribution, etc. 2017
300 ## - PHYSICAL DESCRIPTION
Extent 173 Páginas ;
Dimensions 21 cm
490 1# - SERIES STATEMENT
Series statement Plan Nacional de Lectura y Escritura Leer es mi cuento ;
Volume/sequential designation 27
505 ## - FORMATTED CONTENTS NOTE
Formatted contents note perdidas personales -- Perdidas relacionales y materiales -- Perdidas íntimas (invisibles) y Pérdidas ambiguas -- Pérdidas definitivas e irreversibles -- Duelos poliédricos --
650 14 - SUBJECT ADDED ENTRY--TOPICAL TERM
Topical term or geographic name entry element Residencia
General subdivision (Psicología) Duelo
9 (RLIN) 2504
650 24 - SUBJECT ADDED ENTRY--TOPICAL TERM
Topical term or geographic name entry element Aspectos psicoógicos
General subdivision Pérdida
9 (RLIN) 2505
942 ## - ADDED ENTRY ELEMENTS (KOHA)
Source of classification or shelving scheme Dewey Decimal Classification
Koha item type Books
Existencias
Withdrawn status Lost status Source of classification or shelving scheme Materials specified (bound volume or other part) Damaged status Not for loan Home library Current library Shelving location Date acquired Source of acquisition Cost, normal purchase price Total Checkouts Total Renewals Full call number Barcode Date last seen Date last checked out Copy number Price effective from Koha item type
    Dewey Decimal Classification Donación--06/08/2018--     Biblioteca Pública José María del Castillo y Rada Biblioteca Pública José María del Castillo y Rada General Stacks 11/28/2019 Donación 0.00 10 6 155.93 / P739p 201808971 04/30/2025 04/29/2025 EJ.1 11/28/2019 Books